Building the architecture for sustainable space security: conference report, 30-31 march 2006 (Record no. 78952)

MARC details
000 -LEADER
fixed length control field 01031nam a2200193 a 4500
008 - FIXED-LENGTH DATA ELEMENTS--GENERAL INFORMATION
fixed length control field 070518s2006 ||||||||||||||||| || u
020 ## - INTERNATIONAL STANDARD BOOK NUMBER
International Standard Book Number 9290451858
050 ## - LIBRARY OF CONGRESS CALL NUMBER
Classification number UNIDIR(02)
110 ## - MAIN ENTRY--CORPORATE NAME
Corporate name or jurisdiction name as entry element United Nations Institute for Disarmament Research (UNIDIR)
245 10 - TITLE STATEMENT
Title Building the architecture for sustainable space security: conference report, 30-31 march 2006
Statement of responsibility, etc. by the United Nations Institute for Disarmament Research(UNIDIR)
260 ## - PUBLICATION, DISTRIBUTION, ETC.
Place of publication, distribution, etc. Geneva:
Name of publisher, distributor, etc. UNITED NATIONS
Date of publication, distribution, etc. 2006
300 ## - PHYSICAL DESCRIPTION
Extent xxviii,160p.: ill.
350 ## -
-- 0.00
650 ## - SUBJECT ADDED ENTRY--TOPICAL TERM
Topical term or geographic name entry element ARCHITECTURE--SUSTAINABLE SPACE SECURITY
650 ## - SUBJECT ADDED ENTRY--TOPICAL TERM
Topical term or geographic name entry element SPACE--SECURITY MEASURES
710 ## - ADDED ENTRY--CORPORATE NAME
Corporate name or jurisdiction name as entry element United Nations Economic and Social Affairs (UNESA)
995 ## -
-- SPECIAL COLLECTIONS
-- 0.00
-- UNIDIR(02)2006/5
-- CBU-MAIN LIBRARY (Kitwe)
-- 1
-- 0.00
-- UNIDIR(02)2006/5
-- 1
-- AVAILABLE
-- Apr 25, 2007
-- Z03001918
-- International Publications
995 ## -
-- SPECIAL COLLECTIONS
-- 0.00
-- 03002002
-- CBU-MAIN LIBRARY (Kitwe)
-- 1
-- 0.00
-- UNIDIR(02)2006/5
-- 2
-- AVAILABLE
-- May 18, 2007
-- 03002002
-- International Publications
999 ## -
-- 78952
-- 78952

No items available.